| 000 | 00551nam a2200205 a 4500 | ||
|---|---|---|---|
| 001 | 17407 | ||
| 003 | CO-ViMGA | ||
| 008 | 141112s2004 ck r 000 u spa d | ||
| 020 | _a8447802531 | ||
| 040 |
_aCO-ViMGA _bspa _cCO-ViMGA |
||
| 082 | 0 | 4 | _aPALc |
| 100 | 1 |
_aPaloma, David _924723 |
|
| 245 | 1 | 0 | _aUn cocodrilo hambriento |
| 260 |
_aBarcelona (EspaƱa), _cEl Arca, _c1994 |
||
| 300 | _a75.p. | ||
| 490 | _aTren de cuerda | ||
| 650 | 1 | 4 |
_aCOCODRILOS - CUENTOS INFANTILES _924724 |
| 650 | 1 | 4 |
_aCUENTOS INFANTILES CATALANES _924725 |
| 942 |
_2ddc _cBK |
||
| 999 |
_c26948 _d26948 |
||